The Wombats Studio Album Discography - Statistics

General Stats
  • This quiz has been taken 8 times
    5 since last reset
  • The average score is 26 of 62
Answer Stats
Hint Answer % Correct
3. Greek Tragedy
100%
10. Pink Lemonade
100%
2. Tokyo (Vampires and Wolves)
100%
7. 1996
80%
Album #1 A Guide to Love, Loss & Desperation
80%
1. Cheetah Tongue
80%
Album #3 Glitterbug
80%
3. If You Ever Leave, I'm Coming with You
80%
2. Kill the Director
80%
2. Lemon to a Knife Fight
80%
8. Let's Dance to Joy Division
80%
3. Moving to New York
80%
6. Techno Fan
80%
3. Turn
80%
Album #4 Beautiful People Will Ruin Your Life
60%
4. Be Your Shadow
60%
1. Emoticons
60%
Album #5 Fix Yourself, Not the World
60%
2. Give Me a Try
60%
8. I Only Wear Black
60%
3. Jump into the Fog
60%
Album #2 This Modern Glitch
60%
4. Anti-D
40%
4. Black Flamingo
40%
11. Curveballs
40%
10. Don't Poke the Bear
40%
1. Flip Me Upside Down
40%
9. Girls/Fast Cars
40%
7. Here Comes the Anxiety
40%
9. Ice Cream
40%
11. I Don't Know Why I Like You but I Do
40%
7. Isabel
40%
5. Last Night I Dreamt...
40%
6. Lethal Combination
40%
4. Ready For the High
40%
9. The English Summer
40%
2. This Car Drives All By Itself
40%
8. Walking Disasters
40%
5. White Eyes
40%
11. Worry
40%
8. Your Body Is a Weapon
40%
10. Dip You in Honey
20%
11. Dr. Suzanne Mattox PhD
20%
7. Everything I Love is Going to Die
20%
12. Fix Yourself, Then the World
20%
5. Headspace
20%
10. Little Miss Pipedream
20%
5. Party in a Forest (Where's Laura?)
20%
6. School Uniforms
20%
10. Schumacher the Champagne
20%
6. This Is Not a Party
20%
9. Backfire at the Disco
0%
4. Lost in the Post
0%
5. Method to Madness
0%
13. My First Wedding
0%
1. Our Perfect Disease
0%
7. Out of My Head
0%
12. Patricia the Stripper
0%
6. People Don't Change People, Time Does
0%
1. Tales of Girls, Boys and Marsupials
0%
9. Wildfire
0%
8. Work is Easy, Life is Hard
0%
No matching quizzes found
Score Distribution
Percent of People with Each Score
Percentile by Number Answered
Your Score History
You have not taken this quiz since the last reset